| 000 | 00452nam a2200181Ia 4500 | ||
|---|---|---|---|
| 005 | 20250423100105.0 | ||
| 008 | 250422s9999 xx 000 0 und d | ||
| 020 | _a0-13-550830-4 | ||
| 050 | _aHF 5548.2 .B463/ | ||
| 100 | _aCharles L. Biggs | ||
| 245 | 0 | _aManaging the systems development process | |
| 260 | _aNew Jersey | ||
| 260 | _bPrentice Hall | ||
| 260 | _c1980 | ||
| 300 | _a408 p | ||
| 650 | _aElectronic data processing | ||
| 942 | _cBK | ||
| 999 |
_c32255 _d32255 |
||